00460cam a22001814a 45000010009000000050017000090080041000260100017000670200018000840400018001020410008001200430012001280800017001400820021001571000007001781010008001852450085001931632803220171214044422.0100712s2010 nyua 001 0 eng  a 2010026379 a9780307719164 aDLCcDLCdDLC aeng an-us--- a641.5973 FLA00a641.5973 FLA2221 a10 aNUT10aBobby Flay's Throwdown! :cBobby Flay ; with Stephanie Banyas and Miriam Garron.